Va banque 1000 - Statystyki

Ogólne statystyki
  • Ten quiz został rozwiązany 8 razy
  • Średni wynik to 9 z 47
Statystyki odpowiedzi
wwwHint Odpowiedź % Poprawnych
Jezioro Como- przez to najgłębsze jezioro Alp przepływa rzeka Adda. Gdzie ono leży? Włochy
88%
W maju 2025 roku Donald Trump rozważał ponowne otwarcie tego słynnego więzienia w zatoce San Francisco. Alcatraz
75%
Wielkie Jezioro Niedźwiedzie, jego wody zasilają rzekę MacKenzie. Leży ono w ... Kanadzie
63%
Ten polityk odsiadywał wyrok w więzieniu przez 18 lat na wyspie Robbeneiland u wybrzeży RPA Nelson Mandela
63%
Plecione bułki to... chałki
50%
Jedna z trzech na obrazie Rubensa. Gracja
50%
W tym roku w XIX wieku doszło do zjednoczenia Niemiec i proklamowania cesarstwa 1871
38%
Pliniusz Starszy w "Historii naturalnej" opisał, jak jeże nabijają na kolce te owoce. jabłka
38%
Jezioro Isssyk-kul: leży w górach Tienszan i jest jednym z największych jezior górskich na świecie. W jakim państwie się ono znajduje? Kirgistan
38%
Masowa wędrówka zwierząt np ptaków migracja
38%
W 1517 roku Marcin Luter przybił swoje 95 tez na drzwiach kościoła w tym mieście, co dało początek reformacji Wittenberga
38%
Ta zupa kojarzona jest z targowiskiem Les Halles, gdzie podawano ją pod zapieczonym serem. cebulowa
25%
Ten program dla dzieci zaczynał się piosenką, w której padało pytanie: "Dokąd tupta nocą jeż?" Domowe przedszkole
25%
Tańcowały w wierszu Juliana Tuwima. Michały
25%
Najgłębsze jezioro w Europie, Hornindalsvatnet leży w... Norwegii
25%
W Port Arthur na tej wyspie znajdują się pozostałości największej kolonii karnej Australii. Tasmania
25%
Te dwie liczby, dające w sumie tysiąc,zapisuje się w systemie rzymskim, dwulitrową kombinacją C i D. 600 i 400
13%
Te typowe francuskie małe knajpki podają zwykle kilka prostych potraw i plat du jour, czyli danie dnia. bistra
13%
To oznacza pochodząca z języka hiszpańskiego nazwa tego państwa- Kostaryka. bogate wybrzeże
13%
Z Wojciechem Kossakiem namalował "Panoramę racławicką". Jan Styka
13%
Z tego typu mleka powstają sery Vacherin krowie
13%
Jedynie z tymi dwoma państwami graniczy Kostaryka. Nikaragua i Panama
13%
Chcąc dowieść, że możliwa była migracja z Ameryki Południowej do Polinezji, przepłynął Pacyfik na kon-tiki Thor Heyerdahl
13%
Jezioro Wan. Leży na Wyżynie Armeńskiej i jest największym na świecie jeziorem sodowym. O jakim państwie mowa? Turcja
13%
Jeden z podstawowych hormonów produkowanych przez tarczycę. tyroksyna
13%
W 955 roku na Lechowym Polu król Niemiec Otton I zatrzymał ich ekspansję w jednej z największych bitew Europy Węgrzy
13%
Tysiąc tych ptaków jest w tytule powieści noblisty Yasunariego Kawabaty i w piosence Myslovitz żurawie
13%
Dziełem życia tego autora "Obrzędu weselnego polskiego z pieśniami i przemowami" była "Encyklopedia staropolska" Zygmunt Gloger
13%
Ta wyspa u wybrzeży Sardynii mieściła więzienie przeznaczone, m.in dla członków mafii. Dziś to park narodowy. Asinara
0%
Stan fizycznego i psychicznego osłabienia organizmu astenia
0%
Skomponował "Cudownego Mandaryna". Gromadził i opracowywał pieśni ludowe, nie tylko węgierskie. Bela Bartok
0%
Wieńcem z tego drzewa ozdabiano głowy zwycięzców na igrzyskach w Olimpii. drzewo oliwne
0%
Jeż w celowniku i wołaczu. jeżowi, jeżu
0%
Chorobliwa męczliwość mięśni miastenia
0%
To polskie nazwisko nosił prezydent Kostaryki sprawujący władzę do wojny domowej w 1948 roku. Michalski
0%
Enigmatyczna otoczka czegoś. mistyka
0%
Ten XIX-wieczny uczony i kompozytor jest patronem polskiej nagrody w dziedzinie kultury ludowej. Oskar Kolberg
0%
Bohater tej książki Ludwika Jerzego Kerna poruszał się z prędkością tysiąca słoniokroków na godzinę. Proszę słonia
0%
W tłumaczeniu oznacza "Czyste życie". W Kostaryce określa sposób postępowania, jest też zwrotem na powitanie. pura vida
0%
W ostatnim duecie śpiewa Cavaradossiemu o tysiącu pocałunków i o tysiącu imion miłości. Tosca
0%
To błąd w układzie tekstu. typograficzny
0%
Dane na stronie tytułowej książki(autor, miejsce i rok wydania) lub przysługujące komuś tytuły. tytulatura
0%
Do tych dwóch państw należy tysiąc wysp, od których pochodzi nazwa sosu. USA i Kanada
0%
W listopadzie 1918 roku, po klęsce Imperium w I wojnie światowej, abdykował ten ostatni niemiecki cesarz. Wilhelm II Hohenzollern
0%
Do tych symboli Kostaryki nawiązuje jej herb. Są to np Arenal Poas czy Tenorio. wulkany
0%
W 1648 roku pokój westfalski zakończył tę wojnę, która spustoszyła księstwa niemieckie i ograniczyła ich rolę. XXX-letnia
0%
Jedzeniu tych zwierząt jeż zawdzięcza swoją nazwę. żmija
0%
Nie znaleziono quizów pasujących do podanych kryteriów
Rozkład punktacji
Procent ludzi z każdym wynikiem
Percentyl według liczby udzielonych odpowiedzi
Twoja historia wyników
Nie rozwiązałeś tego quizu